000 00478nam a22001457a 4500
003 MACL
005 20190404170358.0
008 190404b xxu||||| |||| 00| 0 eng d
040 _cMACL
100 _aमिश्र,डॉ. स्मिता
_974137
245 _aभारतीय मीडिया अंतरंग पहचान
260 _aदिल्‍ली
_bसुमित बुक्‍स
_c2018
650 _aमीडिया
_974138
942 _2ddc
_cHIN
999 _c59266
_d59266